A, B, Cs of the Animal Kingdom: Single Word - Statistics

General Stats
  • This quiz has been taken 22 times
    11 since last reset
  • The average score is 24 of 25
Answer Stats
Picture Hint Answer % Correct
-A- ANT
100%
-B- BAT
100%
-C- COW
100%
-D- DUCK
100%
-E- ELEPHANT
100%
-F- FROG
100%
-G- GIRAFFE
100%
-H- HORSE
100%
-I- IGUANA
100%
-J- JELLYFISH
100%
-K- KANGAROO
100%
-L- LION
100%
-M- MOOSE
100%
-O- OSTRICH
100%
-P- PIG
100%
-R- RABBIT
100%
-T- TIGER
100%
-V- VULTURE
100%
-W- WORM
100%
-Y- YAK
100%
-Z- ZEBRA
100%
-Q- QUAIL
78%
-S- SKUNK
78%
-N- NEWT
67%
-U- URIAL
33%
No matching quizzes found
Score Distribution
Percent of People with Each Score
Percentile by Number Answered
Your Score History
You have not taken this quiz since the last reset